[Event "CRO-ch Men 2018"]
[Site "Pozega"]
[Date "2018.04.17"]
[Round "1.1"]
[White "Jovanovic, Zoran"]
[Black "Kuljasevic, Davorin"]
[Result "1/2-1/2"]
[WhiteElo "2536"]
[BlackElo "2538"]
[Annotator "TA"]
[PlyCount "35"]
[EventDate "2018.??.??"]
[EventType "tourn"]
[EventCountry "CRO"]
[SourceTitle "playchess.com"]
[Source "ChessBase"]
[SourceQuality "1"]

{[%evp 22,35,59,47,53,56,68,15,80,27,28,6,16,6,17,0]} 1. e4 e5 2. Nf3 Nc6 3. Bb5 a6 4. Ba4 d6 5. O-O Bg4 6. h3 h5 7. Bxc6+ bxc6 8. d4 {C72: Ruy Lopez: Deferred Steinitz: 5 0-0} Bxf3 9. Qxf3 exd4 10. c3 Qf6 11. Qd3 g5 {[%cal Bg7g5,Bg5g4][%mdl 32]} 12. cxd4 {LiveBook: 4 Games} g4 13. Nc3 Ne7 14. Re1 ({White should play} 14. Ne2 $14) 14... Qg6 $146 (14... gxh3 $11 15. e5 (15. Qxh3 Qxd4 16. Be3 Qg7 $11) 15... Qf5) ({Predecessor:} 14... Kd8 15. e5 Qf5 16. Qxf5 Nxf5 17. hxg4 hxg4 {½-½ (57) Efimenko,Z (2636)-Arnaudov,P (2441) Antalya 2017}) 15. Ne2 (15. h4 $16) 15... gxh3 $11 {[%csl Gh3][%cal Rg6g2] [#]} 16. Nf4 Qg4 $1 {Threatening ...hxg2.} 17. Qxh3 Qxh3 18. Nxh3 1/2-1/2

[Event "CRO-ch Men 2018"]
[Site "Pozega"]
[Date "2018.04.17"]
[Round "1.2"]
[White "Palac, Mladen"]
[Black "Brkic, Ante"]
[Result "1/2-1/2"]
[WhiteElo "2551"]
[BlackElo "2596"]
[Annotator "TA"]
[PlyCount "50"]
[EventDate "2018.??.??"]
[EventType "tourn"]
[EventCountry "CRO"]
[SourceTitle "playchess.com"]
[Source "ChessBase"]
[SourceQuality "1"]

{[%evp 21,50,21,18,20,20,19,20,22,24,20,17,12,20,20,20,16,14,14,16,11,12,11,12,11,13,9,11,2,11,7,14]} 1. Nf3 Nf6 2. c4 e6 3. Nc3 d5 4. d4 c5 5. cxd5 cxd4 6. Qxd4 exd5 7. e4 Nc6 8. Bb5 {D41: Queen's Gambit Declined: Semi-Tarrasch with 5 cxd5} dxe4 9. Qxd8+ Kxd8 10. Ng5 Be6 11. O-O Bb4 {LiveBook: 32 Games} 12. Ngxe4 Nxe4 13. Nxe4 Ke7 14. Be3 Rhd8 15. Bxc6 (15. Nc5 Nd4 16. Nxe6 {½-½ (16) Bluebaum,M (2646)-So,W (2810) Tbilisi 2017}) 15... bxc6 {The position is equal.} 16. a3 Bd6 17. Nxd6 Kxd6 18. Rfd1+ Kc7 19. Rxd8 Kxd8 $11 {[%mdl 4096] [#] Endgame KRB-KRB} 20. Bd4 $146 ({Predecessor:} 20. f3 a5 21. Kf2 {½-½ (21) Saric,A (2563)-Brkic,A (2602) Opatija 2015}) 20... f6 21. Re1 Ke7 22. Bc5+ Kf7 23. f3 a5 24. Rd1 Bd5 25. Kf2 Rb8 {Precision: White = 77%, Black = 76%.} 1/2-1/2

[Event "CRO-ch Men 2018"]
[Site "Pozega"]
[Date "2018.04.17"]
[Round "1.3"]
[White "Fercec, Nenad"]
[Black "Bosiocic, Marin"]
[Result "1/2-1/2"]
[WhiteElo "2446"]
[BlackElo "2605"]
[Annotator "TA"]
[PlyCount "42"]
[EventDate "2018.??.??"]
[EventType "tourn"]
[EventCountry "CRO"]
[SourceTitle "playchess.com"]
[Source "ChessBase"]
[SourceQuality "1"]

{[%evp 16,42,52,17,55,38,61,0,83,59,46,43,99,76,195,182,193,156,164,150,255,76,137,0,240,0,119,0,231]} 1. e4 c5 2. Nf3 e6 3. d4 cxd4 4. Nxd4 Nc6 {[%cal Bb8c6,Bc6e5,Be5g4][%mdl 32]} 5. Nc3 Qc7 6. Be3 a6 7. Qf3 {B48: Sicilian: Taimanov: 5 Nc3 Qc7 6 Be3 a6 without Be2} Ne5 (7... Nf6 8. O-O-O Ne5 9. Qg3 b5 10. a3 Bb7 11. Bxb5 Rc8 12. Ba4 Nxe4 13. Nxe4 Bxe4 14. Bf4 Qc4 15. Bxe5 Qxa4 {1-0 (38) Vachier Lagrave,M (2789)-Anand,V (2776) Karlsruhe/Baden-Baden 2018}) 8. Qg3 h5 9. f4 {LiveBook: 9 Games. White is slightly better.} Ng4 10. Bg1 b5 $146 ({Predecessor:} 10... g5 11. fxg5 Bd6 12. Qd3 Bf4 13. Nf3 Ne7 14. g3 Ne5 15. Nxe5 Bxe5 {½-½ (28) Pitl,G (2387)-Maurer,J (2254) Austria 2015}) 11. h3 (11. O-O-O $14) 11... b4 (11... N4f6 $1 $11 {keeps the balance.}) 12. Nd5 exd5 13. hxg4 Nf6 (13... dxe4 $14 14. Rxh5 (14. gxh5 Ne7 $11) 14... Rxh5 15. gxh5 Ne7) 14. e5 $36 {[%cal Be4e5,Be5e6][%mdl 2080] White has strong initiative.} Nxg4 (14... Ne4 $16 {was worth a try.} 15. Qb3 h4) 15. Be2 $18 d6 {[%cal Rd6e5]} 16. e6 $1 {[%mdl 1024] White has strong compensation.} Nf6 {[#]} 17. f5 $1 Qe7 {[#]} (17... Ne4 $16 18. Qb3 Nc5) 18. Nc6 $2 (18. Qe3 $1 $18 {is the precise move to win.}) 18... Qb7 ({Black should play} 18... Qc7) 19. Nd4 (19. exf7+ $16 Qxf7 20. Qd3) 19... Qe7 $1 {[%cal Rf7e6]} 20. Nc6 (20. Qe3 $18 {has better winning chances.}) 20... Qb7 $1 $16 {[%cal Rb7c6]} 21. Nd4 (21. exf7+ $16 Qxf7 22. Qd3) 21... Qe7 $1 {Precision: White = 32%, Black = 42%.} 1/2-1/2

[Event "CRO-ch Men 2018"]
[Site "Pozega"]
[Date "2018.04.17"]
[Round "1.4"]
[White "Kozul, Zdenko"]
[Black "Saric, Ivan"]
[Result "0-1"]
[WhiteElo "2611"]
[BlackElo "2677"]
[Annotator "TA"]
[PlyCount "86"]
[EventDate "2018.??.??"]
[EventType "tourn"]
[EventCountry "CRO"]
[SourceTitle "playchess.com"]
[Source "ChessBase"]
[SourceQuality "1"]

{[%evp 23,86,0,32,0,13,6,22,33,33,29,15,0,-4,-45,5,0,0,0,7,-53,-59,-96,0,-60,-66,-106,-113,-205,-193,-209,-94,-94,-112,-112,-113,-104,-93,-97,-103,-87,-104,-113,-138,-229,-231,-381,-359,-404,-409,-397,-393,-583,-575,-543,-563,-535,-537,-722,-719,-687,-687,-637,-602,-29978,-29978]} 1. d4 Nf6 2. c4 g6 3. Nc3 Bg7 4. e4 d6 5. Nf3 O-O 6. Be2 e5 7. O-O Nc6 8. d5 Ne7 9. b4 Nh5 10. g3 f5 11. Ng5 Nf6 12. Bf3 {E97: King's Indian: Classical Main Line (6...e5 7 0-0 Nc6): 8 Be3 and 8 d5 Ne7, not 9 Ne1} Kh8 {LiveBook: 10 Games} (12... fxe4 13. Ncxe4 h6 14. Ne6 Bxe6 15. dxe6 Qc8 16. Be3 Ne8 17. Bg2 Qxe6 18. Qb3 Kh7 19. b5 Nf5 {½-½ (50) Gelfand,B (2744)-Nakamura,H (2799) Khanty-Mansiysk 2015}) 13. b5 a6 14. a4 {The position is equal.} h6 $146 (14... fxe4 {is interesting.} 15. Ngxe4 Nf5 16. Bg2 Nd4 17. Nxf6 Qxf6 18. Ne4 Qe7) ({Predecessor:} 14... axb5 15. cxb5 h6 16. Ne6 Bxe6 17. dxe6 d5 18. Ba3 {½-½ (18) Dankhazi,A (2151)-Magyar,A (2262) Hungary 2016}) 15. Ne6 Bxe6 $1 16. dxe6 fxe4 17. Bxe4 Nxe4 18. Nxe4 Qc8 19. Qg4 axb5 20. cxb5 Rf5 21. Rd1 ({White should play} 21. Qh4 $11 Ng8 22. g4) 21... Qxe6 $15 22. b6 h5 (22... d5 $1 $17 {[%cal Rd5e4]} 23. bxc7 Rc8) 23. Qh4 (23. Qh3 $1 $11) 23... d5 $36 {[%mdl 2048] White is under pressure.} 24. bxc7 dxe4 25. Rd8+ (25. Ba3 $17 Nc8 26. Qxe4) 25... Rf8 $19 26. Ba3 Bf6 ({Wrong is} 26... Rxa4 $2 27. Qxe7 Qxe7 28. Bxe7 $18) ({Worse is} 26... Rfxd8 27. cxd8=R+ Rxd8 28. Qxe7 $11) (26... e3 $1 $19 {[%cal Re3f2] has better winning chances.} 27. fxe3 Bf6 28. Rxf8+ Rxf8) 27. Rxf8+ Rxf8 28. Qxe4 Rc8 29. Qxb7 {[#]} Qc6 $1 {[%cal Rc6b7]} 30. Qxc6 Nxc6 31. Bd6 {[#]} Nd4 $1 32. Rd1 Kg7 33. f4 (33. a5 $17 {was necessary.}) 33... e4 34. Kf2 (34. a5 {was the only chance.}) 34... Nf5 35. a5 Kf7 36. a6 Bd4+ ({Not} 36... Ke6 37. Bc5 $11) 37. Ke2 (37. Ke1 {was forced.}) 37... Ke6 38. Be5 Bxe5 39. fxe5 Rxc7 40. Ra1 {a7 is the strong threat.} Nd4+ 41. Kf1 Rf7+ 42. Kg2 {Threatens to win with a7.} Ra7 43. Kf2 {[#]} e3+ $1 {Precision: White = 30%, Black = 65%.} 0-1

[Event "CRO-ch Men 2018"]
[Site "Pozega"]
[Date "2018.04.17"]
[Round "1.5"]
[White "Saric, Ante"]
[Black "Kovacevic, Blazimir"]
[Result "1/2-1/2"]
[WhiteElo "2541"]
[BlackElo "2493"]
[Annotator "TA"]
[PlyCount "41"]
[EventDate "2018.??.??"]
[EventType "tourn"]
[EventCountry "CRO"]
[SourceTitle "playchess.com"]
[Source "ChessBase"]
[SourceQuality "1"]

{[%evp 18,41,0,-2,0,-24,-18,-10,36,16,40,-12,-8,-8,-7,-17,-16,-21,-10,-13,-8,-37,-35,-51,-43,-50]} 1. Nf3 Nf6 2. c4 e6 3. g3 d5 4. b3 d4 5. Bg2 c5 (5... Nc6 6. O-O e5 7. d3 Bc5 8. b4 Nxb4 9. Nxe5 O-O 10. a3 Na6 11. Nd2 Re8 12. Nef3 Bd6 {½-½ (37) Kasparov,G (2812)-So,W (2773) Saint Louis 2016}) 6. e3 {A13: English Opening: 1...e6} Nc6 7. exd4 cxd4 8. O-O Bd6 9. Ba3 O-O 10. d3 {LiveBook: 11 Games} e5 11. b4 Re8 $146 ({Predecessor:} 11... a6 12. Qb3 h6 13. Nbd2 Be6 14. Rfe1 Re8 {0-1 (35) Ginsburg,M (2341)-Gurevich,D (2454) Las Vegas 2017}) 12. b5 Na5 13. Re1 Bf5 14. Nh4 (14. Bxd6 $14 Qxd6 15. Qd2) 14... Bg4 $11 15. Qd2 {[#] aiming for Bxd6.} Bc7 16. Bb4 a6 {White must now prevent ...axb5.} 17. Na3 axb5 18. Nxb5 Nc6 19. a3 Bb8 ({Much weaker is} 19... Nxb4 $6 20. axb4 Rxa1 21. Rxa1 $14) 20. h3 Be6 21. Nf3 1/2-1/2

[Event "CRO-ch Men 2018"]
[Site "Pozega"]
[Date "2018.04.17"]
[Round "1.6"]
[White "Stevic, Hrvoje"]
[Black "Martinovic, Sasa"]
[Result "1/2-1/2"]
[WhiteElo "2587"]
[BlackElo "2594"]
[Annotator "TA"]
[PlyCount "55"]
[EventDate "2018.??.??"]
[EventType "tourn"]
[EventCountry "CRO"]
[SourceTitle "playchess.com"]
[Source "ChessBase"]
[SourceQuality "1"]

{[%evp 35,55,25,28,28,27,25,20,18,19,16,17,0,0,0,0,0,7,0,0,0,0,0]} 1. e4 c5 2. Nf3 e6 3. d4 cxd4 4. Nxd4 Nf6 5. Nc3 Nc6 6. Ndb5 {[%cal Bd4b5,Bb5a3,Ba3c2,Bc2b4,Bb4d5][%mdl 32]} d6 7. Bf4 e5 8. Bg5 a6 9. Na3 b5 10. Nd5 Be7 11. Bxf6 Bxf6 12. c3 Bg5 13. Nc2 Ne7 14. a4 $146 {B33: Sicilian: Pelikan and Sveshnikov Variations} (14. h4 Bh6 15. a4 bxa4 16. Ncb4 O-O 17. Qxa4 a5 18. Bb5 Nxd5 19. Nxd5 Be6 20. Bc6 Rb8 21. b4 axb4 22. cxb4 {½-½ (31) Kovalev,V (2639)-Zhigalko,S (2620) Minsk 2018}) 14... bxa4 15. Ncb4 O-O 16. Qxa4 a5 17. Bb5 {[%cal Bf1b5,Bb5c6,Bc6d5][%mdl 32]} Nxd5 18. Nxd5 Be6 {LiveBook: 11 Games} 19. Bc6 Rb8 20. b4 axb4 21. cxb4 {The position is equal.} Bxd5 22. Bxd5 Qb6 23. O-O Qxb4 24. Qxb4 Rxb4 25. Ra6 Be7 26. Ra7 Bd8 27. Rd7 Bb6 28. Rxd6 1/2-1/2

[Event "CRO-ch Men 2018"]
[Site "Pozega"]
[Date "2018.04.18"]
[Round "2"]
[White "Saric, Ivan"]
[Black "Saric, Ante"]
[Result "1-0"]
[WhiteElo "2677"]
[BlackElo "2541"]
[Annotator "TA"]
[PlyCount "67"]
[EventDate "2018.??.??"]
[EventType "tourn"]
[EventCountry "CRO"]
[SourceTitle "playchess.com"]
[Source "ChessBase"]
[SourceQuality "1"]

{[%evp 23,67,0,0,0,0,1,0,-31,0,10,10,10,8,0,4,0,100,95,112,91,104,95,396,332,465,69,679,671,29987,29988,29988,29987,29987,29988,29988,29989,29989,29990,29990,29991,29991,12818,29992,29993,29993,29994]} 1. e4 c5 2. Nf3 Nc6 3. Bb5 g6 4. Bxc6 bxc6 5. O-O Bg7 6. Re1 Nh6 7. c3 O-O 8. d4 cxd4 9. cxd4 d5 10. e5 {B31: Sicilian: 2...Nc6 3 Bb5 g6} f6 11. e6 (11. Nbd2 fxe5 12. Nxe5 Bxe5 13. dxe5 Qb6 14. Nf3 Nf5 15. h3 c5 16. g4 Ng7 17. Bg5 Qe6 {0-1 (35) Van Foreest,J (2609)-Dubov,D (2677) Germany 2018}) 11... Nf5 12. Nc3 Qd6 {LiveBook: 3 Games} 13. Qe2 Qb4 14. a3 $146 ({Predecessor:} 14. Qd1 Nd6 15. Qa4 Qb6 {1-0 (71) Gritsayeva,O (2373)-Shuvalova,P (2385) St Petersburg 2017}) 14... Qb3 15. h4 a5 16. Bf4 Ba6 17. Qd2 h5 18. Rac1 Rfc8 19. Ne2 a4 (19... Bxe2 $1 $11 20. Rxe2 a4) 20. Rc3 $1 $16 {[%cal Rc3b3]} Qb6 21. Ng3 Nxg3 22. Bxg3 Bc4 $2 {[%mdl 8192]} (22... Kh7 $16) 23. Qc2 Kh7 {[#]} (23... f5 {was called for.} 24. Qd2 Kh7) 24. Bf4 $2 (24. Re5 $1 $18 {[%cal Re5h5] aiming for Rxh5+.} fxe5 25. Ng5+ Kh6 26. Nf7+ Kh7 27. Ng5+ Kh6 28. Nf7+ Kh7 29. Ng5+) 24... c5 $2 {[%mdl 8192] [#]} (24... Bh6 $14 25. Bxh6 Kxh6) 25. Re5 $1 $18 {[%cal Re5h5] Black must now prevent Rxh5+.} fxe5 26. Ng5+ Kg8 27. Bxe5 Rf8 28. Qxg6 {[%csl Ge5][%cal Rg6g7]} Rf6 29. Bxf6 exf6 30. Qf7+ Kh8 31. Qxh5+ Kg8 32. Qf7+ Kh8 33. e7 fxg5 34. hxg5 {Precision: White = 72%, Black = 44%.} 1-0

[Event "CRO-ch Men 2018"]
[Site "Pozega"]
[Date "2018.04.18"]
[Round "2"]
[White "Bosiocic, Marin"]
[Black "Kozul, Zdenko"]
[Result "1/2-1/2"]
[WhiteElo "2605"]
[BlackElo "2611"]
[Annotator "TA"]
[PlyCount "100"]
[EventDate "2018.??.??"]
[EventType "tourn"]
[EventCountry "CRO"]
[SourceTitle "playchess.com"]
[Source "ChessBase"]
[SourceQuality "1"]

{[%evp 21,100,35,47,47,39,40,52,40,52,41,53,0,15,9,11,11,4,10,106,34,32,12,28,0,0,-8,23,2,10,3,8,9,68,0,0,0,0,0,0,0,0,-69,-62,-74,0,0,0,0,0,0,0,-25,0,0,0,0,0,0,0,0,0,0,0,0,0,0,0,0,0,0,0,0,0,-12841,0,0,0,0,0,0,0]} 1. e4 c5 2. Nf3 d6 3. d4 cxd4 4. Nxd4 Nf6 5. Nc3 Nc6 6. Bg5 e6 7. Qd2 Qb6 8. Bxf6 gxf6 9. Nb3 a6 {B60: Sicilian: Richter-Rauzer: Unusual Black 6th moves and 6...Bd7 without 7 Qd2} (9... Bd7 10. a4 a6 11. a5 Qc7 12. Na4 Rd8 13. Nb6 Ne7 14. Bd3 Bc6 15. Nd4 d5 16. Nxc6 Nxc6 17. exd5 {½-½ (46) Sedlak,N (2552)-Kozul,Z (2604) Zagreb 2017}) 10. O-O-O Qc7 11. Be2 h5 {LiveBook: 3 Games. White is slightly better.} 12. f4 b5 13. a3 Rb8 14. Kb1 b4 15. axb4 Nxb4 16. Nb5 $146 (16. Qd4 $14) ({Predecessor:} 16. f5 Qb6 {1-0 (46) Koller,J (2257)-Lisanti,A (2295) Marburg 2006}) 16... Qxc2+ 17. Qxc2 Nxc2 18. Nxd6+ Bxd6 19. Rxd6 Nb4 (19... Rxb3 $11 {remains equal.} 20. Kxc2 Rb8) 20. Na5 (20. Rhd1 $16 O-O 21. g3 (21. Bxh5 Nd5 $16)) 20... Bb7 $14 21. Bf3 $36 {[%mdl 2048] Black is under pressure.} Ba8 22. Rc1 O-O 23. Rc7 Rfd8 24. Rxd8+ Rxd8 25. Nb7 Bxb7 $1 26. Rxb7 $11 {[%mdl 4096] Endgame KRB-KRN} a5 (26... Rd4 $11) 27. Rb5 (27. Bxh5 $14 Rd2 28. Bxf7+ Kf8 29. b3) 27... Rd2 28. Rxh5 Nd3 29. Rb5 Nxf4 30. Rxa5 Nxg2 31. Rc5 ({White should play} 31. Kc1 $11 Rf2 32. Ra3) 31... Ne1 $15 32. Rc3 Rxh2 ({Black should try} 32... Nd3 $17 33. b3 Kg7) 33. Bd1 $11 Rd2 34. Kc1 Rd4 {White must now prevent ...Nd3+.} (34... Rd6 {is interesting.} 35. Be2 f5 36. exf5 exf5 37. b4 Kf8) 35. Be2 Kf8 36. Rc4 (36. Bf1 $5 {[%cal Rc3e3]} f5 37. exf5 $11) 36... Rxc4+ (36... Rd8 {seems wilder.} 37. b4 Ng2 38. Rc7 Nf4 39. Bf1 e5) 37. Bxc4 {KB-KN} Ke7 38. Kd2 Nf3+ 39. Kc3 Kd6 {[#] ...Ke5 is the strong threat.} 40. b4 Kc6 41. Be2 Ng5 (41... Ne5 {with more complications.} 42. Bd1 Kb5 43. Be2+ Kb6 44. Bd1 Kc7) 42. Kd4 e5+ 43. Ke3 Ne6 44. Bc4 Nd4 45. Kd3 f5 {[%cal Bf6f5,Bf5f4,Bf4f3,Bf3f2][%mdl 32]} 46. Bxf7 f4 47. Kc4 $2 {[%mdl 8192] [#]} (47. Be8+ $11 Kb6 48. Bd7) 47... Nc2 $2 ({Better is} 47... f3 $19 {( -> ...f2)} 48. Kc3 f2 49. Bd5+ Kd6) 48. b5+ {The position is equal.} Kb6 {White should prevent ...Ne3+.} 49. Kd5 f3 50. Kxe5 f2 {Precision: White = 56%, Black = 47%.} 1/2-1/2

[Event "CRO-ch Men 2018"]
[Site "Pozega"]
[Date "2018.04.18"]
[Round "2"]
[White "Brkic, Ante"]
[Black "Fercec, Nenad"]
[Result "1-0"]
[WhiteElo "2596"]
[BlackElo "2446"]
[Annotator "TA"]
[PlyCount "51"]
[EventDate "2018.??.??"]
[EventType "tourn"]
[EventCountry "CRO"]
[SourceTitle "playchess.com"]
[Source "ChessBase"]
[SourceQuality "1"]

{[%evp 18,51,27,45,96,66,47,51,111,92,91,91,89,89,159,159,232,156,154,88,310,100,109,102,176,166,180,168,260,275,259,169,268,265,968,36]} 1. e4 c5 2. Nf3 d6 3. d4 Nf6 4. Nc3 cxd4 5. Nxd4 a6 6. a3 g6 {B90: Sicilian Najdorf: Unusual White 6th moves, 6 Be3 Ng4 and 6 Be3 e5} (6... e5 7. Nf3 Be7 8. Bc4 O-O 9. Bg5 Be6 10. Bxf6 Bxc4 11. Bxe7 Qxe7 12. Nd2 Be6 13. Nf1 Nd7 14. Ne3 Nf6 15. O-O Rac8 16. Qd3 Rc6 17. Rfd1 Rfc8 18. f3 g6 19. Kh1 Kg7 20. Qd2 {½-½ (20) Anand,V (2782)-Nepomniachtchi,I (2729) Riadh 2017}) 7. f3 Bg7 8. Be3 Nc6 9. Qd2 O-O 10. O-O-O {LiveBook: 4 Games} Nxd4 ({Black should play} 10... Rb8 $14) 11. Bxd4 $16 b5 12. h4 $146 ({Predecessor:} 12. g4 Ne8 13. Bxg7 Nxg7 14. h4 Bb7 15. h5 Ne8 16. hxg6 fxg6 17. Qh6 Rf7 18. f4 {0-1 (59) Saravanja,M (1500)-Jambresic,F Rabac 2011}) 12... h5 ({Black should try} 12... Be6 $14) 13. Nd5 Nxd5 14. exd5 Bxd4 15. Qxd4 Qc7 (15... Rb8 $142) 16. g4 Qc5 (16... Qa7 $16) 17. Qf4 Kg7 {[#]} 18. Bd3 (18. gxh5 $142 $1 {Black must now prevent Bd3.} Bf5 19. c3) 18... e5 $2 {[#]} (18... Rh8 $16 {keeps fighting.}) 19. dxe6 $2 (19. Qg5 $1 $18) 19... Bxe6 20. Rhe1 Rac8 {[#]} (20... Rfe8 $16) 21. Rxe6 $1 $18 {[%mdl 512]} fxe6 22. Qe4 $1 {[%csl LRe6,LRg6]} Kf6 (22... Rf6 $142) 23. Re1 ({And not} 23. Qxg6+ Ke7 $11) 23... e5 24. Qxg6+ Ke7 25. Bf5 ({Less strong is} 25. Qxh5 Rxf3 26. Qg5+ Rf6 $16) ({Weaker is} 25. gxh5 Qf2 $16) 25... Rc7 $2 (25... Rxf5 26. Qxf5 Qc4 27. gxh5 Qxh4 28. Qh7+ Ke6) 26. Qe6+ {Precision: White = 81%, Black = 23%.} 1-0

[Event "CRO-ch Men 2018"]
[Site "Pozega"]
[Date "2018.04.18"]
[Round "2"]
[White "Kuljasevic, Davorin"]
[Black "Martinovic, Sasa"]
[Result "1/2-1/2"]
[WhiteElo "2538"]
[BlackElo "2594"]
[Annotator "TA"]
[PlyCount "70"]
[EventDate "2018.??.??"]
[EventType "tourn"]
[EventCountry "CRO"]
[SourceTitle "playchess.com"]
[Source "ChessBase"]
[SourceQuality "1"]

{[%evp 32,70,21,22,36,24,15,0,0,0,6,3,0,0,0,0,0,0,0,0,0,0,0,0,0,4,8,0,0,0,0,0,0,0,0,0,0,0,0,0,0]} 1. d4 Nf6 2. c4 e6 3. Nf3 d5 4. Nc3 dxc4 5. e4 Bb4 6. Bg5 c5 7. Bxc4 cxd4 8. Nxd4 Bxc3+ 9. bxc3 Qa5 10. Bb5+ Nbd7 11. Bxf6 Qxc3+ 12. Kf1 gxf6 13. h4 Qb4 {D39: Queen's Gambit Declined: Ragozin Defence with 5 Bg5 dxc4} 14. Rh3 a6 15. Be2 Qd6 16. Rb1 Ne5 (16... Nc5 17. Rc3 Nxe4 18. Rd3 O-O 19. Qc1 Qe5 20. Bf3 f5 21. Qh6 {0-1 (68) Karjakin,S (2763)-Aronian,L (2794) Berlin 2018}) 17. Rc3 {LiveBook: 4 Games} O-O 18. h5 {[%mdl 1024] White has compensation.} Rd8 19. Rg3+ {The position is equal.} Kf8 20. Qe1 $146 {With the idea Rd1.} ({Predecessor:} 20. Qc2 Bd7 21. Qd2 Bb5 {½-½ (31) Sojka,V (2302)-Datler,W (2391) ICCF email 2012}) 20... Bd7 ({Not} 20... Qxd4 $2 21. Rd1 $18) 21. Rd1 {[#] Strongly threatening Nxe6+!} Qb6 22. Rb3 Qc5 $1 23. Rc3 Qb6 24. Rb3 Qc5 $1 25. Rxb7 Ba4 26. Nb3 Qc6 27. Qb4+ Kg8 28. Rxd8+ Rxd8 29. Rb8 Rxb8 30. Qxb8+ Kg7 $1 31. h6+ Kxh6 32. Qf8+ Kg6 33. Qg8+ Kh6 34. Qf8+ Kg6 35. Qg8+ Kh6 {Precision: White = 82%, Black = 100%.} 1/2-1/2

[Event "CRO-ch Men 2018"]
[Site "Pozega"]
[Date "2018.04.18"]
[Round "2"]
[White "Jovanovic, Zoran"]
[Black "Palac, Mladen"]
[Result "1-0"]
[WhiteElo "2536"]
[BlackElo "2551"]
[Annotator "TA"]
[PlyCount "103"]
[EventDate "2018.??.??"]
[EventType "tourn"]
[EventCountry "CRO"]
[SourceTitle "playchess.com"]
[Source "ChessBase"]
[SourceQuality "1"]

{[%evp 13,103,4,36,29,33,29,33,30,47,20,20,20,20,20,20,20,20,20,20,20,24,20,22,16,17,16,16,18,21,26,68,56,54,45,86,85,80,86,99,91,97,91,90,97,89,100,91,91,93,115,152,150,154,112,227,212,220,207,226,217,266,210,255,252,409,396,437,346,437,437,437,437,402,410,346,375,373,372,366,344,375,358,316,159,29980,29981,29980,29979,29979,29980,29988,29989]} 1. e4 c5 2. Nf3 d6 3. Bb5+ Nd7 4. d4 cxd4 5. Qxd4 a6 6. Bxd7+ Bxd7 7. Nc3 Rc8 {LiveBook: 50 Games. B51: Sicilian: Moscow Variation (3 Bb5+) without 3...Bd7} (7... e5 8. Qd3 Rc8 9. O-O Qc7 10. a4 Be7 11. Rd1 h6 12. Nd2 Nf6 13. Nf1 O-O 14. Ne3 Be6 15. a5 Rfd8 {½-½ (58) Demchenko,A (2660)-Vachier Lagrave,M (2789) Riadh 2017}) 8. e5 dxe5 9. Nxe5 Nf6 {White has an edge.} 10. Bf4 $146 {[#] And now 0-0-0 would win.} ({Predecessor:} 10. Bg5 h6 11. Bxf6 gxf6 12. Nxd7 Qxd7 13. Nd5 Qe6+ 14. Kf1 Qd6 15. Rd1 e5 {1-0 (15) Trbojevic,M (2349)-Bozinovic,B (2176) Podturen 2018}) 10... Bb5 11. Qxd8+ Rxd8 12. a4 Bc6 13. Nxc6 bxc6 14. Ke2 e6 15. Rhd1 Nd5 16. Nxd5 cxd5 17. c4 Bd6 18. Bxd6 Rxd6 19. cxd5 exd5 $11 {[%mdl 4096] Endgame KRR-KRR} 20. b4 Kd7 21. Rd4 Ke6 22. Rc1 Rb8 23. Rc5 Rdb6 24. Rcxd5 Rxb4 25. Rd6+ Ke7 26. Rxb4 Rxb4 27. Rxa6 $16 {KR-KR} Rb2+ 28. Ke3 Rb3+ 29. Kf4 Rb2 30. Kg3 Rb3+ 31. f3 Ra3 32. h4 {[%cal Bh2h4,Bh4h5][%mdl 32]} Ra2 33. h5 h6 (33... g6 $16 {keeps fighting.}) 34. Kh3 $18 Ra3 35. Kg4 Ra2 36. g3 Ra3 37. Kf4 Rb3 38. g4 Rb4+ $2 (38... Rc3 39. Ke4 Kd7) 39. Ke5 Rb3 40. Ra7+ Ke8 41. f4 Re3+ 42. Kf5 Re6 43. a5 Kf8 44. Rb7 Ra6 45. Rb5 g6+ 46. Ke4 f5+ 47. gxf5 gxh5 {[#]} 48. f6 $1 {[%mdl 512]} Kf7 $2 (48... h4 $16 49. Kf5 h3) (48... Rxf6 49. Rf5) 49. Rb7+ {White mates.} Ke8 50. Kf5 h4 51. Kg6 h3 52. Kg7 {Precision: White = 84%, Black = 55%.} 1-0

[Event "CRO-ch Men 2018"]
[Site "Pozega"]
[Date "2018.04.18"]
[Round "2"]
[White "Kovacevic, Blazimir"]
[Black "Stevic, Hrvoje"]
[Result "1/2-1/2"]
[WhiteElo "2493"]
[BlackElo "2587"]
[Annotator "TA"]
[PlyCount "70"]
[EventDate "2018.??.??"]
[EventType "tourn"]
[EventCountry "CRO"]
[SourceTitle "playchess.com"]
[Source "ChessBase"]
[SourceQuality "1"]

{[%evp 17,70,0,11,-33,-44,-29,-16,-33,-33,-33,-35,-33,-20,-60,-60,-61,-60,-53,-60,-67,-43,-56,-59,-52,-49,-41,-52,-47,-47,-32,-40,-51,-9,-22,-24,-20,-25,-41,-10,-8,-10,-8,0,0,0,-6,0,0,0,0,0,0,0,0,0]} 1. d4 d5 2. Nf3 Nf6 3. g3 c6 4. Bg2 Bf5 5. c4 e6 6. Nc3 h6 7. Qb3 {D11: Slav Defence: 3 Nf3 sidelines and 3...Nf6 4 e3 Bg4} (7. O-O Nbd7 8. Nd2 Be7 9. Qb3 Qb6 10. e4 dxe4 11. Ndxe4 O-O 12. Bf4 Nxe4 13. Nxe4 Bxe4 14. Bxe4 Qxd4 15. Rad1 Qxe4 16. Rxd7 Bc5 17. Qc3 Rad8 18. Rfd1 Qe2 19. Qd2 Bxf2+ 20. Kg2 Qxd2 21. R1xd2 {0-1 (38) Vocaturo,D (2620)-Najer,E (2683) Batumi 2018}) 7... Qb6 8. c5 Qxb3 9. axb3 Na6 {LiveBook: 6 Games} 10. Bf4 Nd7 11. h4 f6 12. h5 $146 ({Predecessor:} 12. O-O Bc2 13. Rfe1 g5 14. Bd2 Kf7 {½-½ (69) Scherer,M (2277)-Reinhart,E (2329) France 2009}) 12... e5 13. dxe5 fxe5 14. Nxe5 Naxc5 15. Nxd7 Bxd7 16. O-O-O Nxb3+ 17. Kc2 Nc5 18. e4 O-O-O 19. exd5 Bf5+ 20. Kd2 Nd3 $1 {[%cal Rd3f2]} 21. Bh3 Bxh3 22. Kxd3 Bg2 23. Rhe1 Bf3 24. Ra1 Bc5 25. Be3 Bxe3 26. Rxe3 Bxd5 27. Rxa7 {[#] Re7 is the strong threat.} Bf7+ 28. Kc2 $132 {[%mdl 2048] The position is equal. White is fighting back} Kb8 29. Ra5 Rd7 30. Rae5 Rhd8 {aiming for ...Rd2+.} 31. Ne4 Rd5 32. Re7 R8d7 33. Rxd7 Rxd7 34. g4 Bd5 35. Nc3 Rf7 {Precision: White = 63%, Black = 62%.} 1/2-1/2